000 00512nam a2200133Ia 4500
008 150609s9999 xx 000 0 und d
050 _aTK 6540
_b.T629 2015
100 _aTobias, Tobi C.
245 _aGrade tracking and reporting system for saint bernadette college of Alabang /
_cTobi C. Tobias.
260 _aLas PiƱas, Philippines :
_bSISC,
_c2015.
300 _a165 pages :
_billustrations (some color) ;
_c28 cm.
500 _aIncludes bibliographical references and appendices.
650 _aComputer System
999 _c285033
_d285033